LEADER 00876nam0-22003131i-450- 001 990001879920403321 005 20021010 035 $a000187992 035 $aFED01000187992 035 $a(Aleph)000187992FED01 035 $a000187992 100 $a20021010d--------km-y0itay50------ba 101 0 $aita 200 1 $a<>industria delle ciliegie bianche$fGiulio Paris. 210 $aModena$c...$d1920. 215 $ap. 187-227$c1 tav.$d25 cm 300 $aEstr. da: Le Stazioni sperimentali agrarie italiane, 53,1920 610 0 $aIndustrie alimentari 610 0 $aCiliege 676 $a664 700 1$aParis,$bGiulio$0356963 801 0$aIT$bUNINA$gRICA$2UNIMARC 901 $aBK 912 $a990001879920403321 952 $a60 MISC. B 190/6$b$fFAGBC 959 $aFAGBC 996 $aIndustria delle ciliegie bianche$9403956 997 $aUNINA DB $aING01 LEADER 01335nas 2200421-a 450 001 996217240003316 005 20221206230729.0 011 $a1873-7692 035 $a(OCoLC)38840913 035 $a(CKB)954925542202 035 $a(CONSER)--2003233319 035 $a(DE-599)ZDB2001911-7 035 $a(EXLCZ)99954925542202 100 $a19980324a19859999 s-- a 101 0 $aeng 135 $aurmnu|||||||| 181 $ctxt$2rdacontent 182 $cc$2rdamedia 183 $acr$2rdacarrier 200 10$aComputers in human behavior$b[e-journal] 210 $aNew York $cElsevier Science 300 $aRefereed/Peer-reviewed 311 $a0747-5632 531 $aCOMPUT. HUM. BEHAV 531 $aCOMPUT HUMAN BEHAV 606 $aPsychology$xData processing$vPeriodicals 606 $aComputers$xPsychological aspects$vPeriodicals 606 $aComputers$xPsychological aspects$2fast$3(OCoLC)fst00872843 606 $aPsychology$xData processing$2fast$3(OCoLC)fst01081463 608 $aPeriodicals.$2fast 615 0$aPsychology$xData processing 615 0$aComputers$xPsychological aspects 615 7$aComputers$xPsychological aspects. 615 7$aPsychology$xData processing. 906 $aJOURNAL 912 $a996217240003316 996 $aComputers in human behavior$91894938 997 $aUNISA